000
00268nam a2200109Ia 4500
008
230724s2006 xx und d
041
_a
eng
100
_a
MURTHY.S.
245
_a
WISE & OTHERWISE A SALUTE OF LIFE
260
_b
PENGUIN BOOKS LTD
_c
2006
300
_a
220
999
_c
1174677
_d
1174677